000 00315nam a2200097Ia 4500
008 160725s9999 xx 000 0 und d
100 _aVillegas, Ma. Carmelita A.
245 _aDeconstructing professional nursing education.
260 _bKaizen Research Journal College of Nursing
_cSeptember 2012
650 _aNURSING
999 _c298014
_d298014